[Event "Stuttgart-chB int"]
[Site "Ditzingen"]
[Date "2008.05.01"]
[Round "3"]
[White "Alke, Erhard"]
[Black "Ruff, Robert"]
[Result "1-0"]
[WhiteElo "1741"]
[BlackElo "1566"]
[PlyCount "73"]
[EventDate "2008.05.01"]
[EventType "swiss"]
[EventRounds "7"]
[EventCountry "GER"]
[SourceTitle "EXT 2018"]
[Source "ChessBase"]
[SourceDate "2017.10.13"]
[SourceVersion "1"]
[SourceVersionDate "2017.10.13"]
[SourceQuality "1"]

1. e4 e6 2. Nf3 d5 3. e5 c5 4. d4 Nc6 5. Bb5 Bd7 6. Bxc6 Bxc6 7. c3 Qb6 8. 0-0 Nh6 9. h3 Nf5 10. g4 Nh6 11. dxc5 Bxc5 12. b4 Be7 13. Be3 Qc7 14. a4 a6 15. Na3 0-0 16. Nc2 Qd8 17. Ncd4 Bd7 18. Qd2 Kh8 19. Ng5 Rc8 20. f4 Rc4 21. Qd3 g6 22. Ngf3 Qc8 23. Ne2 Qe8 24. Nd2 Rc8 25. f5 Ng8 26. f6 Bd8 27. Qc2 b6 28. Nd4 Bc7 29. N2f3 Bb8 30. Ra2 Qd8 31. Rc1 Qc7 32. Qd2 Nxf6 33. exf6 e5 34. Ne2 Bc6 35. Bf2 Ba8 36. Qh6 Rg8 37. Ng5 1-0

[Event "Ditzingen op-B"]
[Site "Ditzingen"]
[Date "2006.05.27"]
[Round "5.2"]
[White "Schumann, Kai"]
[Black "Alke, Erhard"]
[Result "1-0"]
[WhiteElo "1885"]
[BlackElo "1783"]
[PlyCount "111"]
[EventDate "2006.05.25"]
[EventType "swiss"]
[EventRounds "7"]
[EventCountry "GER"]
[SourceTitle "CBM 112 Extra"]
[Source "ChessBase"]
[SourceDate "2006.07.14"]
[SourceVersion "1"]
[SourceVersionDate "2006.07.14"]
[SourceQuality "1"]

1. d4 b6 2. Nf3 Bb7 3. Bf4 e6 4. e3 Nf6 5. h3 Be7 6. Be2 0-0 7. 0-0 c5 8. c4 d5 9. Nc3 Nbd7 10. dxc5 Nxc5 11. Ne5 Nce4 12. Nxe4 Nxe4 13. Qa4 Nc5 14. Qc2 f6 15. Nd3 dxc4 16. Nxc5 Bxc5 17. Bxc4 Qe7 18. Qb3 Rfe8 19. Rfd1 a6 20. Qd3 Rad8 21. Qe2 Kh8 22. Bxa6 e5 23. Bg3 Bxa6 24. Qxa6 g5 25. Qe2 Qf7 26. b3 h5 27. f3 Rd5 28. Rxd5 Qxd5 29. Rd1 Bxe3+ 30. Kh2 Bd4 31. f4 Qf7 32. fxg5 fxg5 33. Qe4 Kg7 34. h4 g4 35. Rc1 Re6 36. a4 Qf6 37. Rc7+ Re7 38. Rc6 Re6 39. Rc7+ Re7 40. Rc1 Re6 41. Rc8 Re7 42. Qd5 Qe6 43. Qd8 Kg6 44. b4 Kf5 45. Rc1 Kg6 46. b5 Bc5 47. a5 Qd6 48. Qxd6+ Bxd6 49. Rc6 bxa5 50. Rxd6+ Kf5 51. Ra6 e4 52. Rxa5 e3 53. b6+ Kg6 54. Ra7 Re8 55. b7 e2 56. Ra8 1-0

[Event "Stuttgart-chB int"]
[Site "Ditzingen"]
[Date "2006.05.26"]
[Round "3"]
[White "Alke, Erhard"]
[Black "Augner, Claas"]
[Result "1-0"]
[WhiteElo "1783"]
[BlackElo "1626"]
[PlyCount "121"]
[EventDate "2006.05.25"]
[EventType "swiss"]
[EventRounds "7"]
[EventCountry "GER"]
[SourceTitle "EXT 2018"]
[Source "ChessBase"]
[SourceDate "2017.10.13"]
[SourceVersion "1"]
[SourceVersionDate "2017.10.13"]
[SourceQuality "1"]

1. e4 e5 2. Nf3 Nc6 3. c3 Nf6 4. d3 Bc5 5. Bg5 h6 6. Bxf6 Qxf6 7. Nbd2 d6 8. Be2 Bd7 9. b4 Bb6 10. Nc4 Ne7 11. 0-0 g5 12. d4 Ng6 13. a4 a6 14. a5 Ba7 15. Ne3 c6 16. dxe5 dxe5 17. Nc4 0-0-0 18. Nb6+ Bxb6 19. axb6 Kb8 20. c4 Nf4 21. c5 Bg4 22. Qc2 Nxe2+ 23. Qxe2 h5 24. Ra3 Rd7 25. Qa2 Bxf3 26. Rxf3 Qe7 27. Re1 Rh6 28. Rc3 Rd4 29. Qb3 Rf6 30. Rd3 Rxd3 31. Qxd3 Rg6 32. Rd1 Kc8 33. Qh3+ g4 34. Qxh5 Qg5 35. Qxg5 Rxg5 36. Rd6 Rg7 37. Kf1 Rh7 38. Kg1 Rg7 39. g3 Rh7 40. Kg2 Rh8 41. Rd2 Rh6 42. f3 gxf3+ 43. Kxf3 Rh5 44. Kg4 Rh6 45. Kg5 Re6 46. Kf5 a5 47. bxa5 Rh6 48. Kxe5 f6+ 49. Ke6 f5+ 50. Kxf5 Rh8 51. e5 Kb8 52. g4 Rf8+ 53. Ke6 Re8+ 54. Kf7 Rh8 55. e6 Kc8 56. g5 Kb8 57. g6 Ka8 58. e7 Rc8 59. Rd8 Rb8 60. Rxb8+ Kxb8 61. e8Q# 1-0